| 000 | 00670nam a2200217Ia 4500 | ||
|---|---|---|---|
| 003 | OSt | ||
| 005 | 20240828101234.0 | ||
| 006 | a|||||r|||| 00| 0 | ||
| 008 | 220927b |||||||| |||| 00| 0 eng d | ||
| 020 | _cINR 399.00 | ||
| 037 |
_b111, 15/03/2018, Eastern Media _cTextual |
||
| 040 |
_aSDCL _cSDCL _beng |
||
| 041 |
_2eng _aeng |
||
| 082 | _aX:8 Q6 LR | ||
| 100 |
_aCal, Newport _9411529 |
||
| 245 | 0 |
_aDeep work _bRules for focused success in a distracred world |
|
| 260 |
_aU.S _bGrand Central _c2016 |
||
| 300 |
_a296p. _ccm. |
||
| 942 |
_hX:8 Q6 LR _cGB _2CC |
||
| 999 |
_c727212 _d727212 |
||